Statistics for World Capitals whose closest point on Greenwich Meridian is one of the Poles, with Map

Click here to take the quiz!

General Stats

  • This quiz has been taken 36 times
  • The average score is 26 of 34

Answer Stats

D (km) Capital % Correct
7,230 Taipei
94%
6,095 Canberra
94%
5,429 Wellington
94%
4,693 Ulaanbaatar
94%
9,314 Jakarta
94%
8,386 Manila
94%
6,050 Tokyo
91%
9,654 Kuala Lumpur
91%
5,679 Pyongyang
91%
5,842 Seoul
91%
5,582 Beijing
91%
9,859 Singapore
91%
8,480 Bangkok
82%
8,723 Phnom Penh
82%
7,676 Hanoi
82%
8,957 Port Moresby
82%
9,055 Dili
82%
9,455 Bandar Seri Begawan
73%
8,014 Vientiane
70%
7,852 Mexico City
67%
7,995 Suva
67%
8,472 Apia
67%
9,217 Majuro
64%
9,941 Yaren
64%
9,236 Palikir
64%
8,040 Port Vila
64%
8,958 Honiara
61%
9,172 Ngerulmud
61%
9,855 South Tarawa
61%
9,059 Funafuti
58%
7,378 Dhaka
58%
7,817 Naypyidaw
55%
7,663 Nuku Ľalofa
55%
8,382 Guatemala City
52%

Score Distribution

Percentile by Number Answered

Percent of People with Each Score

Your Score History

You have not taken this quiz